Faculty of Law Library — Cairo University

Official Online Catalog

Précis Du Droit Administratif De La Belgique . (Record no. 76214)

MARC details
000 -LEADER
fixed length control field 01013nam a2200313 i 4500
003 - CONTROL NUMBER IDENTIFIER
control field EG-GICUC
005 - DATE AND TIME OF LATEST TRANSACTION
control field 20260507191141.0
008 - FIXED-LENGTH DATA ELEMENTS--GENERAL INFORMATION
fixed length control field 260507s1950 be ||||fr|||| 00| 0 fre d
040 ## - CATALOGING SOURCE
Original cataloging agency EG-GiCUC
Language of cataloging fre
Transcribing agency EG-GiCUC
Modifying agency EG-GiCUC
Description conventions Rda
041 ## - LANGUAGE CODE
Language code of text/sound track or separate title fre
082 04 - DEWEY DECIMAL CLASSIFICATION NUMBER
Edition number 21
Classification number 345.0493
Item number VA.P
092 04 - LOCALLY ASSIGNED DEWEY CALL NUMBER (OCLC)
Edition number 21
099 ## - LOCAL FREE-TEXT CALL NUMBER (OCLC)
Classification number Law1 07 345.0493 VA.P 3ed 1950
100 1# - MAIN ENTRY--PERSONAL NAME
Personal name Vauthier , Maurice
Relator term Auteur
245 ## - TITLE STATEMENT
Title Précis Du Droit Administratif De La Belgique .
Number of part/section of a work TOME II /
Statement of responsibility, etc. Maurice Vauthier .
250 ## - EDITION STATEMENT
Edition statement TROISIÈME ÉDITION .
264 ## - PRODUCTION, PUBLICATION, DISTRIBUTION, MANUFACTURE, AND COPYRIGHT NOTICE
Place of production, publication, distribution, manufacture BRUXELLES :
Name of producer, publisher, distributor, manufacturer MAISON FERDINAND LARCIER ,
Date of production, publication, distribution, manufacture, or copyright notice 1950 .
300 ## - PHYSICAL DESCRIPTION
Extent 760 page ;
Dimensions 24 cm.
336 ## - CONTENT TYPE
Source rda contenu
Content type term texte
337 ## - MEDIA TYPE
Source rda medias
Media type term Ordinateur
338 ## - CARRIER TYPE
Source transporteur rda
Carrier type term Ressource en ligne
500 ## - GENERAL NOTE
General note Includes Index Pages : 751-760.
546 ## - LANGUAGE NOTE
Language note Texte en français
650 1# - SUBJECT ADDED ENTRY--TOPICAL TERM
Topical term or geographic name entry element Droit administratif
Geographic subdivision Belgique
651 1# - SUBJECT ADDED ENTRY--GEOGRAPHIC NAME
Source of heading or term qrmak
856 40 - ELECTRONIC LOCATION AND ACCESS
Uniform Resource Identifier <a href="https://fll.law.cu.edu.eg/fulltext/bks/B07-05759.pdf">https://fll.law.cu.edu.eg/fulltext/bks/B07-05759.pdf</a>
905 ## - Cataloger and Reviser Names
Cataloger Name: Hager Sameh
942 ## - ADDED ENTRY ELEMENTS (KOHA)
Source of classification or shelving scheme Dewey Decimal Classification
Koha item type Books
Edition 21
Suppress in OPAC No
Holdings
Withdrawn status Lost status Source of classification or shelving scheme Damaged status Not for loan Collection Home library Current library Date acquired Total checkouts Full call number Barcode Date last seen Copy number Price effective from Koha item type
    Dewey Decimal Classification   Not for loan القانون الإداري جــــامعة القــاهرة مكتبة كلية الحقوق - المبنى الرئيسي 07.05.2026   Law1 07 345.0493 VA.P 3ed 1950 0705759 V2 C1 B07-05759 07.05.2026 1 07.05.2026 Books

© All rights reserved — Faculty of Law, Cairo University